| 000 | 00578nam a22002057a 4500 | ||
|---|---|---|---|
| 003 | BD-DhJNU | ||
| 005 | 20251119061153.0 | ||
| 008 | 251119b |||||||| |||| 00| 0 eng d | ||
| 020 | _a057111461X | ||
| 020 | _a9780571114610 | ||
| 040 |
_aBD-DhJNU _bENG _cBD-DhJNU _dBD-DhJNU |
||
| 082 |
_223 _a937 |
||
| 100 | _aGrant, Michael | ||
| 245 |
_a History of Rome / _cMichael Grant |
||
| 260 |
_aLondon : _bFaber and faber, _c1979. |
||
| 300 |
_aviii, 431 p. : _bill. ; _c22 cm |
||
| 504 | _aincludes bibliographical reference and index | ||
| 650 | _aHistory | ||
| 942 |
_2ddc _cBK _n0 |
||
| 999 |
_c2391 _d2391 |
||